ბათუმის შოთა რუსთაველის სახელმწიფო უნივერსიტეტის ბიბლიოთეკა

უჩა უჩარდია. კომედია ოთხ მოქმედებად (ბიბ.ჩანაწერი № 43355)

000 -LEADER
fixed length control field 00658nam a2200217Ia 4500
001 - CONTROL NUMBER
control field 10083
003 - CONTROL NUMBER IDENTIFIER
control field GE_BSU
008 - FIXED-LENGTH DATA ELEMENTS--GENERAL INFORMATION
fixed length control field 181216s||||||||xx |||||||||||||| ||und||
040 ## - CATALOGING SOURCE
Transcribing agency GE_BSU
080 ## - UNIVERSAL DECIMAL CLASSIFICATION NUMBER
Universal Decimal Classification number 821.353.1–22
100 ## - MAIN ENTRY--PERSONAL NAME
Personal name პატარაია,ვ.
245 ## - TITLE STATEMENT
Title უჩა უჩარდია. კომედია ოთხ მოქმედებად
245 ## - TITLE STATEMENT
Statement of responsibility, etc. რედ.დ.ფანჩულიძე
260 ## - PUBLICATION, DISTRIBUTION, ETC.
Place of publication, distribution, etc. თბილისი
260 ## - PUBLICATION, DISTRIBUTION, ETC.
Name of publisher, distributor, etc. სახელგამი
260 ## - PUBLICATION, DISTRIBUTION, ETC.
Date of publication, distribution, etc. 1951
300 ## - PHYSICAL DESCRIPTION
Extent 67გვ.20სმ.
653 ## - INDEX TERM--UNCONTROLLED
Uncontrolled term კომედია
653 ## - INDEX TERM--UNCONTROLLED
Uncontrolled term უჩა უჩარდია
942 ## - ADDED ENTRY ELEMENTS (KOHA)
Koha item type წიგნი
ეგზემპლარები
Withdrawn status Lost status Damaged status Not for loan Date acquired Barcode Date last seen Price effective from Koha item type
        2018-12-17 33342 2018-12-17 2018-12-17 წიგნი
        2018-12-17 33344 2018-12-17 2018-12-17 წიგნი
        2018-12-17 33343 2018-12-17 2018-12-17 წიგნი